Die 165 beliebtesten ♂ ♀ Vornamen auf Malta - Statistiken

Allgemein
  • Dieses Quiz wurde 16 mal gespielt
  • Das Durchschnittsergebnis liegt bei 30 aus 167
Antwortstatistiken
♀ / ♂ Name % Korrekt
Jungen - - > | Mädchen - - > ⤵️
100%
E4 Emma
90%
A4 Anna
80%
E4 Ella
80%
H6 Hannah
80%
J5 Julia
80%
M3 Mia
80%
E5 Elena
70%
E6 Emilia
70%
E5 Emily
70%
J6 Julian
70%
J6 Julien
70%
A3 Ann
60%
B3 Ben
60%
J4 John
60%
L3 Lea
60%
M5 Marie
60%
E5 Eliza
50%
H6 Helena
50%
J5 Josef
50%
J6 Joseph
50%
L4 Lisa
50%
L4 Luca
50%
L5 Lucas
50%
M5 Maria
50%
M6 Matteo
50%
S6 Sophia
50%
S6 Sophie
50%
C9 Christina
40%
H6 Hailey
40%
J4 Jack
40%
M4 Maya
40%
M7 Michael
40%
A6 Alicia
30%
A3 Amy
30%
A5 Andre
30%
B7 Bettina
30%
D3 Dan
30%
J4 Jean
30%
J8 Jonathan
30%
K3 Kai
30%
L4 Liam
30%
A10 Alessandro
20%
A9 Alexander
20%
A5 Alice
20%
A7 Andreas
20%
C5 Chloe
20%
D6 Daniel
20%
E5 Elsie
20%
E3 Ema
20%
E6 Emelie
20%
E9 Emmanuela
20%
G7 Gabriel
20%
J5 James
20%
J4 Juan
20%
L4 Leah
20%
L4 Luke
20%
M7 Martina
20%
Y7 Yasmine
20%
Y5 Yulia
20%
A4 Andy
10%
B8 Benjamin
10%
G8 Giuseppe
10%
J7 Jackson
10%
J5 Jacob
10%
J5 Jamie
10%
J7 Jasmine
10%
J8 Julianne
10%
K4 Kate
10%
K7 Katrina
10%
L4 Leia
10%
M7 Matthew
10%
M8 Michelle
10%
N6 Nathan
10%
N9 Nathaniel
10%
N4 Nick
10%
R7 Rihanna
10%
S8 Scarlett
10%
T6 Thomas
10%
T5 Tommy
10%
A7 Aaliyah
0%
A5 Aiden
0%
A5 Aimee
0%
A5 Alaya
0%
A4 Alec
0%
A6 Alison
0%
A3 Aly
0%
A6 Alyssa
0%
A5 Amber
0%
A8 Amberley
0%
A6 Andrew
0%
A5 Anouk
0%
A5 Ayden
0%
B5 Beppe
0%
B7 Beyoncé
0%
B5 Blake
0%
C9 Catherine
0%
C6 Chanel
0%
C7 Christa
0%
C10 Christabel
0%
D5 Danil
0%
D6 Danzel
0%
D6 Denzel
0%
D8 Denzilee
0%
E6 Elenia
0%
E5 Elyse
0%
F5 Faith
0%
G8 Gabrijel
0%
G6 Gabryl
0%
G3 Gan
0%
G7 Gerrard
0%
G5 Giada
0%
G8 Guiliano
0%
H6 Hailee
0%
H8 Hayleigh
0%
H5 Holly
0%
I5 Isaac
0%
I5 Izaak
0%
J4 Jade
0%
J5 Jaden
0%
J5 Jadon
0%
J4 Jake
0%
J6 Jaques
0%
J6 Jayden
0%
J5 Jayme
0%
K6 Kaiden
0%
K4 Kail
0%
K6 Kailey
0%
K7 Kaleigh
0%
K5 Katya
0%
K6 Kayden
0%
K6 Kendra
0%
K5 Khloe
0%
K6 Kimora
0%
K7 Krystle
0%
K4 Kyle
0%
M6 Maison
0%
M7 Makaila
0%
M6 Mariah
0%
M6 Marija
0%
M7 Martine
0%
M5 Mason
0%
M8 Matthias
0%
M6 Miguel
0%
M6 Mikela
0%
M7 Mikhail
0%
M5 Miley
0%
M4 Myah
0%
N8 Nicholas
0%
N7 Nicolai
0%
N5 Norah
0%
R7 Ruslana
0%
S8 Shanelle
0%
S6 Sienna
0%
T6 Thiago
0%
T6 Tommas
0%
W7 William
0%
W7 Wiltord
0%
Y3 Yan
0%
Y7 Yannick
0%
Y7 Yasmeen
0%
Z7 Zachary
0%
Z4 Zack
0%
Z3 Zak
0%
Z4 Zion
0%
Keine übereinstimmenden Quizze gefunden
Verteilung der Resultate
Anzahl Personen mit jedem Resultat
Perzentil nach korrekt beantworteten Fragen
Ihre Resultats-Entwicklung
Sie haben dieses Quiz noch nicht gespielt